Statistics for JToH- Ring One Towers

Click here to take the quiz!

General Stats

  • This quiz has been taken 407 times
  • The average score is 12 of 13

Answer Stats

AnswerAbbreviationDifficulty% Correct
Tower of AngerToAEasy
99%
Tower of MadnessToMMedium
98%
Tower of HeccToHHard
97%
Tower of KilljoysToKHard
97%
Tower of Keyboard YeetingToKYDifficult
95%
Tower of RageToRChallenging
95%
Tower of StressToSChallenging
94%
Tower of Screen PunchingToSPChallenging
92%
Tower of True SkillToTSRemorseless
91%
Thanos TowerTTInsane
90%
Tower of Annoyingly Simple TrialsToASTEasy
90%
Tower of Impossible expectationsToIEIntense
89%
Citadel of Laptop SplittingCoLSIntense
88%

Score Distribution

Percentile by Number Answered

Percent of People with Each Score

Your Score History

You have not taken this quiz